Guide to the work of executive agencies in Michigan (Record no. 480546)

000 -LEADER
fixed length control field 00530cam a22001337a 4500
008 - FIXED-LENGTH DATA ELEMENTS--GENERAL INFORMATION
fixed length control field 180718b1959 xxu||||| |||| 00| 0 eng d
082 ## - DEWEY DECIMAL CLASSIFICATION NUMBER
Classification number B6x774 M582g
245 ## - TITLE STATEMENT
Title Guide to the work of executive agencies in Michigan
Statement of responsibility, etc. by Institute of Public Administration, Michigan University
260 ## - PUBLICATION, DISTRIBUTION, ETC.
Place of publication, distribution, etc. Ann Arbor
Name of publisher, distributor, etc. Institute of Public Administration
Date of publication, distribution, etc. 1959
300 ## - PHYSICAL DESCRIPTION
Extent 153p.
440 ## - SERIES STATEMENT/ADDED ENTRY--TITLE
Title Papers In Public Administration; 34
650 ## - SUBJECT ADDED ENTRY--TOPICAL TERM
Topical term or geographic name entry element Executive departments --Michigan.
700 ## - ADDED ENTRY--PERSONAL NAME
Personal name Michigan University. Institute of Public Administration
Holdings
Withdrawn status Lost status Damaged status Not for loan Permanent Location Current Location Date acquired Full call number Barcode Date last seen Price effective from Koha item type
        Indian Institute of Public Administration Indian Institute of Public Administration 2018-08-04 B6x774 M582g GR6170 2018-08-04 2018-08-04 GR

Powered by Koha